000
00266nam a2200109Ia 4500
008
200302s9999 xx 000 0 und d
100
_a
Sabube Thiel- Siling
245
_a
Icons of Architecture 20th ed.
260
_b
Prestel Verlag
260
_c
1998
300
_a
190 P.,
999
_c
1114
_d
1114